000 00481nam a2200181Ia 4500
999 _c30808
_d30808
001 30685
003 PK-LaUMT
005 20221004170045.0
008 140416s9999 xx 000 0 und d
040 _cPK-LaUMT
082 _aW 658.408
_bWOR-A
110 _aWorld Bank
245 _aAccountability at the World Bank
_bthe inspection panel 10 years on
_cWorld Bank
260 _aWashington,USA:
_bWorld Bank,
_c2003
300 _a181 p.
546 _aEN
942 _cWEEDED OUT
_2ddc